| 000 | 01533nam a22003257a 4500 | ||
|---|---|---|---|
| 003 | EG-ScBUE | ||
| 005 | 20211012110753.0 | ||
| 008 | 211012s2002 ua a f 000 0 ara d | ||
| 017 | _a2002/13250 | ||
| 020 | _a9773052869 | ||
| 040 |
_aEG-ScBUE _bara _erdaa _cEG-ScBUE _dEG-ScBUE |
||
| 041 | 1 |
_aara _heng |
|
| 043 | _an-us--- | ||
| 082 | 0 | 4 |
_a303.6250973 _bو ث ا _222 |
| 245 | 0 | 0 |
_aوثائق حول أحداث الحادي عشر من سبتمبر 2001 وتداعياتها / _cتصدير فاروق حسني وزير الثقافة ؛ ترجمة مركز اللغات والترجمة بأكاديمية الفنون. |
| 264 | 1 |
_a[القاهرة] : _bأكاديمية الفنون، _c[2002] |
|
| 300 |
_a73 صفحة : _bإيضاحيات ؛ _c24 سم |
||
| 336 |
_2rdacontent _aنص _btxt |
||
| 337 |
_2rdamedia _aبدون وسيط _bn |
||
| 338 |
_2rdacarrier _aمجلد _bnc |
||
| 541 | _cإهداء. | ||
| 546 | _aالنص باللغة العربية وتم ترجمته من اللغة الإنجليزية. | ||
| 650 | 7 |
_aالإرهاب _zالولايات المتحدة الأمريكية. _2BUEsh |
|
| 650 | 7 |
_aالجرائم السياسية _zالولايات المتحدة الأمريكية. _2BUEsh |
|
| 650 | 7 |
_aالجرائم الدولية _zالولايات المتحدة الأمريكية. _2BUEsh |
|
| 653 |
_bBUSBOL _cOctober2021 |
||
| 655 |
_vReading book _934232 |
||
| 710 | 2 |
_aأكاديمية الفنون. _bمركز اللغات والترجمة، _eمترجم. |
|
| 942 | _2ddc | ||
| 999 |
_c29578 _d29549 |
||